QCM auteurs n°6 - Statistiques

Statistiques générales
  • Ce quiz a été pris 109 fois
  • Le résultat moyen est 14 sur 20
Statistiques - réponses
Question Réponse % Correct
Les Fleurs du Mal Charles Baudelaire
100%
Le Trône de fer (Game of Thrones) Georges R.R. Martin
100%
Andromaque Jean Racine
100%
Bilbo le Hobbit J.R. Tolkien
100%
Alice au pays des merveilles Lewis Carroll
100%
La Princesse de Clèves Madame de La Fayette
100%
La gloire de mon père Marcel Pagnol
100%
Le Livre des merveilles Marco Polo
100%
Métaphysique des tubes Amélie Nothomb
86%
Les Contemplations Victor Hugo
86%
La Morte Guy de Maupassant
71%
Les Fâcheux Molière
71%
La joie de vivre Émile Zola
57%
L’Amant de la Chine du Nord Marguerite Duras
57%
L’affaire Protheroe Agatha Christie
43%
Ce que vivent les roses Mary Higgins Clark
43%
L’attaque du mutant (Chair de Poule) R.L. Stine
43%
À l’heure des chiens Évelyne Brisou-Pellen
29%
Une sirène à Paris Mathias Malzieu
14%
Les choses humaines Karine Tuil
0%
Aucun quiz correspondant
Distribution des résultats
% des personnes avec chaque résultat
Percentile par nombre de réponses
Votre historique - résultats
Vous n’avez pas pris ce quiz